Micorrizas en Decussocarpus rospigliosii (Pilger) de laubenfls, una Podocarpaceae del bosque andino (Registro nro. 15802)

Detalles MARC
000 -CABECERA
Campo de control 004390000a22001210004500
090 ## - CLASIFICACIÓN LOCAL
Colección AS
Consecutivo Seriadas
041 0# - IDIOMA
Código de idioma para texto/pista de sonido o título separado
100 1# - ASIENTO PRINCIPAL--NOMBRE PERSONAL
Nombre personal Guerrero, Eduardo
245 10 - MENCION DE TITULO
Título Micorrizas en Decussocarpus rospigliosii (Pilger) de laubenfls, una Podocarpaceae del bosque andino
700 1# - ASIENTO SECUNDARIO - NOMBRE PERSONAL
Nombre personal Hodson de Jaramillo, Elizabeth
773 1# - Item fuente:
Título Revista de la Facultad de Ciencias Universidad Javeriana
Descripción física 2
Paginas del Articulo 53-66
Lugar, editorial y fecha de publicación 1988
Información sobre la relación 1
942 ## - ELEMENTOS ADICIONALES (KOHA)
Tipo de ítem Artículo

No hay ítems disponibles.